| 000 | 01057aam a2200433a 44500 | ||
|---|---|---|---|
| 008 | 050501s2005 cat | ||
| 017 | _aMH-10-2005 | ||
| 020 | _a8495718286 | ||
| 041 | _acat | ||
| 041 | _blat | ||
| 041 | _bspa | ||
| 080 | _a58(038) | ||
| 100 |
_aMoll Marquès, M. _972102 |
||
| 245 | _aLes plantes a Menorca: Noms i usos | ||
| 245 | _cMarc Moll Marquès | ||
| 260 | _aMenorca | ||
| 260 | _bInstitut Menorquí d'Estudis | ||
| 260 | _c2005 | ||
| 300 |
_a341 p. _bil. _c23 cm. |
||
| 490 |
_aRecerca; _v10 |
||
| 500 | _aÍndex de noms científics. Bibliografia | ||
| 520 | _aaprox. 1.400 | ||
| 522 | _aMenorca | ||
| 546 | _acatalà | ||
| 591 | _a8800 | ||
| 592 | _aObra terminològica | ||
| 593 | _aDF | ||
| 593 | _aFA | ||
| 594 | _a8800 | ||
| 650 |
_abotànica _961048 |
||
| 650 |
_aplantes _960804 |
||
| 830 |
_aRecerca; _v10 _965592 |
||
| 901 | _c<2005> | ||
| 902 | _a050501 | ||
| 942 |
_cMO _n0 |
||
| 999 |
_c63332 _d63332 |
||